| 000 | 00488nam a2200169Ia 4500 | ||
|---|---|---|---|
| 999 |
_c16704 _d16704 |
||
| 003 | OSt | ||
| 005 | 20200606120001.0 | ||
| 008 | 190216s9999||||xx |||||||||||||| ||und|| | ||
| 040 | _cMESKC library | ||
| 082 |
_a491.43 _bLAL/H |
||
| 100 |
_aLalengzami _9280 |
||
| 245 | 0 |
_aHindi Guru Hindi Tawang Zirna Bu / _cLalengzami |
|
| 260 |
_bMizo Hindi Zirlai Pawl, _c2008. _aAizawl: |
||
| 300 | _a287p | ||
| 650 | _aHindi | ||
| 942 |
_cBK _2ddc _h491.43 _iLAL/H _k491.43 _mLAL/H |
||